STN EN 1176-3: 2009 (94 0515) [neplatná], Zariadenia a povrch detských ihrísk Časť 3 Ďalšie špecifické bezpečnostné požiadavky a skúšobné metódy na šmýkačky

Táto norma je slovenskou verziou európskej normy EN 1176-3: 2008. Preklad zabezpečil Slovenský ústav technickej normalizácie. Táto norma má rovnaké postavenie, ako majú oficiálne verzie

Bibliographic Details
Other Authors: Mokráň, Pavel, 1943- (Translator)
Format: Book
Language:Slovak
English
PhysicalDescription:20 s. obr., tab. 30 cm
Published: Bratislava Slovenský ústav technickej normalizácie 2009
Subjects:

MARC

LEADER 00000cam a2200000 a 4500
001 vtls009841540
003 SK-MaSNL
005 20260302010543.0
008 130117s2009 xo ka f u 000 0 slo
015 |a SNBN2009/04-01267 
020 |c (cen. skup. 11) 
035 |a (SVKBBclas03)vtls000306255 
040 |a SNK  |b slo  |c SNK  |e AACR2 
041 1 |a slo  |h eng 
044 |a xo  |c SK 
046 |a m  |m 20090301 (účin.)  |n 20181031 (zruš.) 
072 7 |a 712  |x Plánovanie krajiny (prírodná a navrhovaná). Parky. Záhrady  |2 konspekt 
080 |a 712.256  |2 2001 
080 |a 006.7/.8  |2 2001 
080 |a (437.6)  |2 2001 
080 |a (4)  |2 2001 
084 |a 97.200.40  |2 ICS 
130 0 |a STN 94 0515 (STN EN 1176-3) [neplatná]  |9 596234 
245 1 0 |a STN EN 1176-3: 2009 (94 0515) [neplatná], Zariadenia a povrch detských ihrísk  |n Časť 3  |p Ďalšie špecifické bezpečnostné požiadavky a skúšobné metódy na šmýkačky 
246 1 0 |a Zariadenia a povrch detských ihrísk. Časť 3 
246 1 0 |a Ďalšie špecifické bezpečnostné požiadavky a skúšobné metódy na šmýkačky 
246 3 0 |a EN 1176-3: 2008 E 
260 |a Bratislava  |b Slovenský ústav technickej normalizácie  |c 2009 
300 |a 20 s.  |b obr., tab.  |c 30 cm 
500 |a Táto norma nahrádza anglickú verziu STN EN 1176-3 z novembra 2008 v celom rozsahu, ktorá od 1.11.2008 nahradila STN EN 1176-3 z novembra 2001. STN EN 1176-3 z novembra 2001 sa môže súbežne s touto normou používať do 31.5.2009 
500 |a Norma je od 31.10.2018 nahradená anglickou verziou normy STN EN 1176-3 z apríla 2018, ktorú nahradila slovenská verzia normy STN EN 1176-3 z apríla 2019 v celom rozsahu 
504 |a Citované normy s. 2 ; literatúra s. 18 
520 8 |a Táto norma je slovenskou verziou európskej normy EN 1176-3: 2008. Preklad zabezpečil Slovenský ústav technickej normalizácie. Táto norma má rovnaké postavenie, ako majú oficiálne verzie 
540 |a STN vydané na akomkoľvek nosiči sa môžu rozmnožovať a rozširovať iba so súhlasom určenej právnickej osoby  |b SÚTN Bratislava  |c zákon 264/1999 Z. z. 
650 0 7 |a technické normy a štandardy  |z Slovensko  |2 SVKBBPH  |9 79594 
650 0 7 |a technické normy a štandardy  |z krajiny Európskej únie  |2 SVKBBPH  |9 289341 
650 0 7 |a detské ihriská  |2 SVKBBPH  |9 73875 
650 0 7 |a šmýkačky  |2 SVKBBPH  |9 124100 
655 7 |a normy  |2 SVKBBPH  |9 70643 
700 1 |a Mokráň, Pavel,  |d 1943-  |4 trl  |9 172951 
710 2 |a Slovenský ústav technickej normalizácie  |4 stn  |9 32706 
774 1 8 |t STN EN 1176-3: 2001  |d Bratislava: 2009 Slovenský ústav technickej normalizácie, 2001  |w vtls009725094 
958 |a OP 
999 |c 1003184  |d 1005114 
952 |a SNK  |b SNK  |y PREZ  |7 0  |p 17A0615584  |o snkSTN EN 1176-3  |i snk2009/5370  |8 0  |0 0  |1 0  |4 0  |d 2009-03-16  |l 0  |r 2026-02-24 12:26:49  |w 2026-02-24 
952 |a SNK  |b SNK  |y PREZ  |7 0  |p 17A0615585  |o snkSTN EN 1176-3 D1  |i snk2009/5371  |8 0  |0 0  |1 0  |4 0  |d 2009-03-16  |l 0  |r 2026-02-24 12:26:49  |w 2026-02-24